Normal view
MARC view
Entry Personal Name
001 - CONTROL NUMBER
- control field: 78345
003 - CONTROL NUMBER IDENTIFIER
- control field: dpl
005 - DATE AND TIME OF LATEST TRANSACTION
- control field: 20250220170338.0
008 - FIXED-LENGTH DATA ELEMENTS
- fixed length control field: 250220|| aca||aabn | a|a d
040 ## - CATALOGING SOURCE
- Original cataloging agency: dpl
- Transcribing agency: dpl
100 ## - HEADING--PERSONAL NAME
- Personal name: Samanta ,Itirani
670 ## - SOURCE DATA FOUND
- Source citation: Work cat.: (dpl)209339: Samanta ,Itirani , Shakuntala's Daughter / , 2024
